International tourism / (Record no. 123020)

MARC details
000 -LEADER
fixed length control field 00712nam a22002297a 4500
005 - DATE AND TIME OF LATEST TRANSACTION
control field 20170124105919.0
010 ## - LIBRARY OF CONGRESS CONTROL NUMBER
LC control number B-217675
020 ## - INTERNATIONAL STANDARD BOOK NUMBER
Terms of availability 700.00
International Standard Book Number 818858385503
035 ## - SYSTEM CONTROL NUMBER
System control number B-217675
037 ## - SOURCE OF ACQUISITION
Source of stock number/acquisition Cen Lib/Ret
040 ## - CATALOGING SOURCE
Original cataloging agency DPL
Language of cataloging EN
082 ## - DEWEY DECIMAL CLASSIFICATION NUMBER
Classification number 338.4791
Item number AGA
100 ## - MAIN ENTRY--PERSONAL NAME
Personal name Agarwal, Prateek
9 (RLIN) 3689
245 ## - TITLE STATEMENT
Title International tourism /
Statement of responsibility, etc by Prateek Agarwal
260 ## - PUBLICATION, DISTRIBUTION, ETC. (IMPRINT)
Place of publication, distribution, etc New Delhi
Name of publisher, distributor, etc Reference Press
Date of publication, distribution, etc 2005
270 ## - ADDRESS
Address 4831/24, Ansari Road, Dariya Ganj
City New Delhi
Postal code 110002
300 ## - PHYSICAL DESCRIPTION
Extent vii, 336p.
Dimensions 24cm(Hb)
500 ## - GENERAL NOTE
General note Includes bibliographical reference
650 ## - SUBJECT ADDED ENTRY--TOPICAL TERM
Topical term or geographic name as entry element Tourism and hospitality
9 (RLIN) 3690
650 ## - SUBJECT ADDED ENTRY--TOPICAL TERM
Topical term or geographic name as entry element Global tourist places
9 (RLIN) 3691
942 ## - ADDED ENTRY ELEMENTS (KOHA)
Source of classification or shelving scheme Dewey Decimal Classification
Koha item type English Books
Classification part 338.4791
Call number suffix AGA
Holdings
Withdrawn status Lost status Damaged status Not for loan Home library Current library Date acquired Source of acquisition Cost, normal purchase price Total Checkouts Full call number Barcode Date last seen Copy number Cost, replacement price Price effective from Koha item type Source of classification or shelving scheme Collection code Date checked out
        Central Library Central Library 01/06/2015 Cen Lib/Ret 700.00   338.4791 AGA B-217675 01/06/2015 1 700.00 01/06/2015 English Books      
        Sarojini Nagar Sarojini Nagar 26/12/2018     1 338.4791 AGA B-217677 18/04/2023     26/12/2018 English Books Dewey Decimal Classification Non-fiction 17/03/2023

© Delhi Public Library
Hit Counter
free hit counter